000 00303nam a22001217a 4500
999 _c5058
_d5058
008 250516b ||||| |||| 00| 0 eng d
020 _a9781628321166
082 _a599.79 RIG
100 _aRIGGS,KATE
_eAUTHOR
245 _aSEA LIONS
260 _bCREATIVE EDUCATION AND CREATIVE PAPERBACKS
942 _2ddc